ARRUPE JESUIT UNIVERSITY

CORONAVIRUS -STOP THE SPREAD - CLEAN,DISINFECT,COVER

All about Christmas : (Record no. 125001)

MARC details
000 -LEADER
fixed length control field 00906cam a2200277 a 4500
001 - CONTROL NUMBER
control field 12623684
003 - CONTROL NUMBER IDENTIFIER
control field ARRUPE
005 - DATE AND TIME OF LATEST TRANSACTION
control field 20160816091835.0
008 - FIXED-LENGTH DATA ELEMENTS--GENERAL INFORMATION
fixed length control field 011218s2001 nyua a 000 1 eng d
010 ## - LIBRARY OF CONGRESS CONTROL NUMBER
LC control number 2001279028
020 ## - INTERNATIONAL STANDARD BOOK NUMBER
International Standard Book Number 0448425327
035 ## - SYSTEM CONTROL NUMBER
System control number (OCoLC)ocm48369208
040 ## - CATALOGING SOURCE
Original cataloging agency CLE
Transcribing agency CLE
Modifying agency DLC
042 ## - AUTHENTICATION CODE
Authentication code lccopycat
-- lcac
050 00 - LIBRARY OF CONGRESS CALL NUMBER
Classification number PZ8.3.J158
Item number Al 2001
082 00 - DEWEY DECIMAL CLASSIFICATION NUMBER
Classification number [E]
Edition number 22
300 ## - PHYSICAL DESCRIPTION
Dimensions 21cm.
100 1# - MAIN ENTRY--PERSONAL NAME
Personal name Guthridge, Ian
9 (RLIN) 25033
245 10 - TITLE STATEMENT
Title All about Christmas :
Remainder of title all the things we do at Christmas-where they come from and what they mean... /
Statement of responsibility, etc Ian Guthridge.
260 ## - PUBLICATION, DISTRIBUTION, ETC. (IMPRINT)
Place of publication, distribution, etc Port Melbourne :
Name of publisher, distributor, etc Medici Publications,
Date of publication, distribution, etc 1988.
300 ## - PHYSICAL DESCRIPTION
Extent 146p. ;
521 8# - TARGET AUDIENCE NOTE
Target audience note "For ages 3 and up"--P. [4] of cover.
650 #0 - SUBJECT ADDED ENTRY--TOPICAL TERM
Topical term or geographic name as entry element Christmas
9 (RLIN) 25034
906 ## - LOCAL DATA ELEMENT F, LDF (RLIN)
a 7
b cbc
c copycat
d 2
e ncip
f 20
g y-gencatlg
942 ## - ADDED ENTRY ELEMENTS (KOHA)
Source of classification or shelving scheme Library of Congress Classification
Koha item type Monograph ( Printed materials)
Holdings
Withdrawn status Lost status Source of classification or shelving scheme Damaged status Not for loan Collection code Home library Current library Shelving location Date acquired Total Checkouts Full call number Barcode Date last seen Price effective from Koha item type
    Library of Congress Classification     Main Collection ARRUPE LIBRARY ARRUPE LIBRARY Main Collection 16/08/2016   BV45.G984 46500010384 24/01/2017 16/08/2016 Monograph ( Printed materials)

 

Arrupe Library. PO Box MP320 Mt Pleasant, Harare, Zimbabwe
263 242 745411|librarian@aju.ac.zw